[Event "AUTO-OPEN-1657"]
[Site "http://www.queenalice.com/game.php?id=636025"]
[Date "2009.8.13"]
[Round "1"]
[White "rhormens"]
[Black "serrameira"]
[Result "0-1"]
[WhiteElo "1099"]
[BlackElo "1802"]

1. e4 e5 2. Nh3 d5 3. Qh5 dxe4 4. Qxe5+ Qe7 5. Bb5+ c6 6. Qxe7+ Bxe7 7. Ba4 Bxh3
8. gxh3 Nf6 9. d3 exd3 10. cxd3 O-O 11. Rg1 Re8 12. Be3 Nd5 13. Bd4 Bc5+ 14. Be5
Rxe5+ 15. Kf1 Nd7 16. Nd2 Bd4 17. Bd1 Nb4 18. Nf3 Rf5 19. Nxd4 Rd5 20. Bf3 Rxd4
21. Re1 Nxd3 22. Re7 N7e5 0-1

[Event "AUTO-OPEN-1657"]
[Site "http://www.queenalice.com/game.php?id=636050"]
[Date "2009.8.13"]
[Round "1"]
[White "Romerflu"]
[Black "rhormens"]
[Result "1-0"]
[WhiteElo "1562"]
[BlackElo "1099"]

1. e4 e6 2. e5 Bc5 3. c3 Qh4 4. d4 Bb6 5. Nf3 Qg5 6. Nxg5 h6 7. Nf3 Nc6 8. Bd3
f5 9. exf6 gxf6 10. Qc2 Ba5 11. b4 Bb6 12. Bg6+ Kf8 13. Bh7 Rxh7 14. Qxh7 Nb8
15. Qh8 d5 16. Bxh6+ Ke8 17. Qxg8+ Kd7 18. Qf7+ 1-0

[Event "AUTO-OPEN-1657"]
[Site "http://www.queenalice.com/game.php?id=636051"]
[Date "2009.8.13"]
[Round "1"]
[White "rhormens"]
[Black "Romerflu"]
[Result "0-1"]
[WhiteElo "1099"]
[BlackElo "1560"]

1. Nf3 e6 2. d4 d5 3. Bf4 Nc6 4. Na3 a6 5. Ng5 Bxa3 6. bxa3 Nf6 7. c3 O-O 8. Qd3
h6 9. Rb1 hxg5 10. Bxg5 g6 11. Qh3 e5 12. dxe5 Bxh3 13. gxh3 Nxe5 14. Rxb7 Qd6
15. e3 Ne4 16. Bh6 Rfb8 17. Bxa6 Qxa6 18. Rxb8+ Rxb8 19. Rg1 Nf3+ 0-1

[Event "AUTO-OPEN-1657"]
[Site "http://www.queenalice.com/game.php?id=636066"]
[Date "2009.8.13"]
[Round "1"]
[White "boydelta"]
[Black "rhormens"]
[Result "1-0"]
[WhiteElo "1982"]
[BlackElo "1099"]

1. d4 Na6 2. Nf3 e6 3. e4 Qh4 4. Nxh4 g5 5. Bxg5 Bb4+ 6. c3 Ba5 7. Qh5 Nf6 8.
Bxf6 Rg8 9. Qxa5 b6 10. Qa3 Rg4 11. Qe7# 1-0

[Event "AUTO-OPEN-1657"]
[Site "http://www.queenalice.com/game.php?id=636067"]
[Date "2009.8.13"]
[Round "1"]
[White "rhormens"]
[Black "boydelta"]
[Result "0-1"]
[WhiteElo "1099"]
[BlackElo "1990"]

1. d4 f5 2. g3 Nf6 3. Bh3 e6 4. Nf3 Be7 5. c4 O-O 6. Ng5 d5 7. cxd5 Qxd5 8. Nc3
Bb4 9. a3 Bxc3+ 10. bxc3 Qxh1+ 11. Bf1 Nd5 12. Nxe6 Bxe6 13. Rb1 Nxc3 14. Qd2
Nxb1 15. Qe3 Bd5 16. Qe7 Bg2 17. Qb4 Qxf1# 0-1

[Event "Maldito o retorno"]
[Site "http://www.queenalice.com/game.php?id=636103"]
[Date "2009.8.14"]
[Round "-"]
[White "manzan"]
[Black "rhormens"]
[Result "1-0"]
[WhiteElo "1765"]
[BlackElo "1100"]

1. e3 h5 2. Nh3 e5 3. Qf3 Ne7 4. Ng5 d5 5. Qxf7+ Kd7 6. Qe6+ Ke8 7. Qf7+ Kd7 8.
Ne6 Qe8 9. Nc5+ Kd8 10. Qf3 g5 11. Qf6 Rh6 12. Qxe5 Qb5 13. Bxb5 a6 14. Bd3 Bg4
15. Nxb7+ Kc8 16. Nc5 Nbc6 17. Qxg5 Re6 18. Nxe6 Kb7 19. b3 Nb4 20. Nxf8 a5 21.
Qxe7 Rc8 22. c3 Nxd3+ 23. Kf1 Nxc1 24. f3 Bf5 25. e4 dxe4 26. fxe4 Bxe4 27.
Qxe4+ Ka6 28. Qc4+ Ka7 29. Qc5+ Ka6 30. Na3 Rxf8+ 31. Ke1 Nd3+ 32. Ke2 Nxc5 33.
d4 Ne4 34. Rhf1 Nxc3+ 35. Kd2 Rxf1 36. Rxf1 Nxa2 37. h3 Nb4 38. g4 hxg4 39. hxg4
Nc6 40. Rf6 Kb6 41. d5 Kb7 42. dxc6+ Ka7 43. g5 Ka6 44. g6 Kb6 45. g7 a4 46.
g8=Q axb3 47. Qb8+ Ka5 48. Qb5# 1-0

[Event "guarany"]
[Site "http://www.queenalice.com/game.php?id=636670"]
[Date "2009.8.15"]
[Round "-"]
[White "rhormens"]
[Black "aureliano"]
[Result "0-1"]
[WhiteElo "1100"]
[BlackElo "1493"]

1. Nf3 d5 2. d4 Nf6 3. Bf4 e6 4. e3 Be7 5. Ne5 O-O 6. Qh5 Nxh5 7. b4 Nd7 8. Bd3
Nb6 9. Nc3 Bxb4 10. Kf1 Bxc3 11. g4 Nf6 0-1

[Event "EU TE MATO AINDA"]
[Site "http://www.queenalice.com/game.php?id=636697"]
[Date "2009.8.15"]
[Round "-"]
[White "manzan"]
[Black "rhormens"]
[Result "1-0"]
[WhiteElo "1754"]
[BlackElo "1099"]

1. e4 e5 2. Qf3 Qg5 3. Nh3 Qg6 4. Bc4 Qc6 5. Qxf7+ Kd8 6. d3 Nh6 7. Qh5 Bb4+ 8.
Bd2 g6 9. Qg5+ Ke8 10. Bxb4 d6 11. Qxh6 Na6 12. Qg7 Rf8 13. Bd2 Qd7 14. Qh6 Nc5
15. O-O c6 16. Bg5 Rf5 17. exf5 d5 18. Re1 dxc4 19. Rxe5+ Ne6 20. Rxe6+ Qe7 21.
Rxe7+ Kd8 22. Qf8# 1-0

[Event "AUTO-BEG-335"]
[Site "http://www.queenalice.com/game.php?id=639657"]
[Date "2009.8.20"]
[Round "1"]
[White "rhormens"]
[Black "Jorgecas"]
[Result "0-1"]
[WhiteElo "1068"]
[BlackElo "1040"]

1. Nc3 e5 2. Nf3 Qf6 3. e4 d6 4. Nh4 Qxh4 5. g3 Qe7 6. Bb5+ c6 7. Ba4 Nh6 8. Qe2
Qc7 9. Qh5 b5 10. Bb3 Bg4 11. Qh4 b4 12. Na4 d5 13. exd5 Qa5 14. d6 Bxd6 0-1

[Event "AUTO-BEG-335"]
[Site "http://www.queenalice.com/game.php?id=639658"]
[Date "2009.8.20"]
[Round "1"]
[White "Jorgecas"]
[Black "rhormens"]
[Result "1-0"]
[WhiteElo "1067"]
[BlackElo "1039"]

1. e4 Nf6 2. Qf3 Na6 3. Bc4 e6 4. d3 Nc5 5. Bg5 h6 6. Bxf6 gxf6 7. Nc3 Rg8 8. d4
b6 9. dxc5 bxc5 10. O-O-O Rb8 11. Nb5 a6 12. Nc3 h5 13. Qxh5 d5 14. exd5 1-0